О возможности определения напряжений при пластическом деформировании нагретого металла до твердости; Прочность и пластичность материалов; Ч. 2

Bibliografiske detaljer
Parent link:Прочность и пластичность материалов: сборник докладов научно-технической конференции
Ч. 2.— 1970.— С. 31-35
Hovedforfatter: Томилов Ф. Х.
Andre forfattere: Полиновский Л. А., Дель Г. Д.
Sprog:russisk
Udgivet: 1970
Fag:
Format: Book Chapter
KOHA link:https://koha.lib.tpu.ru/cgi-bin/koha/opac-detail.pl?biblionumber=594775

MARC

LEADER 00000naa0a2200000 4500
001 594775
005 20250217114455.0
035 |a (RuTPU)RU\TPU\tpu\11790 
035 |a RU\TPU\tpu\11789 
090 |a 594775 
100 |a 20040311d1970 k||y0rusy50 ca 
101 0 |a rus 
102 |a RU 
200 1 |a О возможности определения напряжений при пластическом деформировании нагретого металла до твердости  |f Ф. Х. Томилов, Л. А. Полиновский, Г. Д. Дель 
461 |t Прочность и пластичность материалов  |o сборник докладов научно-технической конференции 
463 |t Ч. 2  |v С. 31-35  |d 1970 
610 1 |a металлы 
610 1 |a напряжения 
610 1 |a определение 
610 1 |a пластическое деформирование 
610 1 |a нагрев 
610 1 |a твердость 
610 1 |a труды учёных ТПУ 
700 1 |a Томилов  |b Ф. Х. 
701 1 |a Полиновский  |b Л. А. 
701 1 |a Дель  |b Г. Д. 
801 1 |a RU  |b 63413507  |c 20040311  |g PSBO 
801 2 |a RU  |b 63413507  |c 20100401  |g PSBO 
942 |c BK